| 000 | 01075nam a2200265 i 4500 | ||
|---|---|---|---|
| 001 | 176071 | ||
| 003 | ES-MaACL | ||
| 005 | 20230906215959.0 | ||
| 008 | 101214s1953 sp f |||| | spa d | ||
| 080 | _a616.399 | ||
| 100 | 1 |
_aOrs Pérez, Juan Pablo d'. _987371 |
|
| 245 | 1 | 0 |
_aPaniculitis nodular febril recidivante o Enfermedad de Weber-Christian _b: (exposición de una historia clínica) / _cpor J. P. d'Ors Pérez, F. J. Flórez-Tascón y M. Morales Pleguezuelo. |
| 246 | 3 | 0 | _aEnfermedad de Weber-Christian |
| 260 |
_aMadrid : _bServicio de Medicina Interna Hospital Militar "Gómez Ulla", _c1953. |
||
| 300 |
_a26 p. , [6] h. de lám. ; _c17 cm. |
||
| 490 | 1 |
_aCuadernos de medicina interna ; _v10 |
|
| 504 | _aBibliografía: p. 20-26. | ||
| 650 | 4 |
_aPaniculitis. _9144310 |
|
| 700 | 1 |
_aFlórez Tascón, Francisco José. _951322 |
|
| 700 | 1 |
_aMorales Pleguezuelo, M. _983068 |
|
| 710 | 2 |
_aHospital Militar Central "Gómez Ulla" _9141700 |
|
| 830 | 0 |
_aCuadernos de medicina interna ; _v10 _9183827 |
|
| 852 |
_aES-MaACL _j2086-F-4 |
||
| 999 |
_c176071 _d176071 |
||